000 00206nam a22000857a 4500
008 161124b xxu||||| |||| 00| 0 eng d
100 _91376
_aMorais.P
245 _aThe Clever Rat
260 _aNew Delhi
_bBPI
_c2011
999 _c4091
_d4091